Theories of international relations (Record no. 2765)

MARC details
000 -LEADER
fixed length control field 00433nam a22001697a 4500
005 - DATE AND TIME OF LATEST TRANSACTION
control field 20180223151441.0
008 - FIXED-LENGTH DATA ELEMENTS--GENERAL INFORMATION
fixed length control field 160615b xxu||||| |||| 00| 0 eng d
020 ## - INTERNATIONAL STANDARD BOOK NUMBER
ISBN 81-259-1658-3
041 ## - LANGUAGE CODE
Language code of text/sound track or separate title eng
082 ## - DEWEY DECIMAL CLASSIFICATION NUMBER
Item number 7731
Classification number 327
100 ## - MAIN ENTRY--AUTHOR NAME
Personal name Chandra, Prakash
245 ## - TITLE STATEMENT
Title Theories of international relations
260 ## - PUBLICATION, DISTRIBUTION, ETC. (IMPRINT)
Place of publication New Delhi
Name of publisher Vikas Publishing House (P) Ltd.
300 ## - PHYSICAL DESCRIPTION
Number of Pages 305
650 ## - SUBJECT ADDED ENTRY--TOPICAL TERM
Topical Term Management
942 ## - ADDED ENTRY ELEMENTS (KOHA)
Koha item type Books
Holdings
Lost status Damaged status Home library Current library Shelving location Date acquired Cost, normal purchase price Full call number Accession Number Koha item type Collection code
    JRU Library JRU Library SHELF-102-I 15/06/2016 150.00 327 7731 Books  
    JRU Library JRU Library SHELF-102-H 15/06/2016 150.00 327 7732 Books  
    JRU Library JRU Library SHELF-29-F 15/06/2016 150.00 327 7733 Books LAW